000 00771cam a2200277 4500500
005 20260329005413.0
041 _afre
042 _adc
100 1 0 _aSorente, Isabelle
_eauthor
245 0 0 _aFragiles insectes, terrifiants “aliens”
260 _c2023.
500 _a8
690 _aBiologie
690 _aCivilisation
690 _aDisparition
690 _aExtinction
690 _aExtraterrestres
690 _aImaginaire
690 _aInsectes
690 _aIsabelle Sorente
690 _aLa Fontaine
690 _aMort
690 _aMythes
786 0 _nPhilosophie magazine | 169 | 5 | 2023-05-01 | p. 19-19 | 1951-1787
856 4 1 _uhttps://shs.cairn.info/magazine-philosophie-magazine-2023-5-page-19?lang=fr&redirect-ssocas=7080
999 _c1843098
_d1843098